MARC

LEADER 00000nam0a2200000 4500
001 275088
005 20231101234806.0
035 |a (RuTPU)RU\TPU\book\298319 
090 |a 275088 
100 |a 20141111d1973 k y0rusy50 ca 
101 0 |a rus 
102 |a RU 
105 |a a z 001zy 
200 1 |a Приложение теории теплопроводности к теплофизическим измерениям  |f П. И. Филиппов  |g Академия наук СССР (АН СССР), Сибирское отделение (СО), Институт физико-технических проблем Севера (ИФТПС) ; под ред. В. П. Ушкалова 
210 |a Новосибирск  |c Наука  |d 1973 
215 |a 62 с.  |c ил. 
320 |a Библиогр.: с. 60 
606 1 |a Теплопроводность  |x (физика)  |2 stltpush  |3 (RuTPU)RU\TPU\subj\59794  |9 77292 
610 1 |a теплофизические измерения 
610 1 |a тепловые режимы 
610 1 |a граничные условия 
610 1 |a температурные поля 
675 |a 536.2  |v 3 
700 1 |a Филиппов  |b П. И.  |g Павел Иннокентьевич 
702 1 |a Ушкалов  |b В. П.  |4 340 
712 0 2 |a Академия наук СССР (АН СССР)  |b Сибирское отделение (СО)  |b Институт физико-технических проблем Севера (ИФТПС)  |c (Якутск)  |2 stltpush  |3 (RuTPU)RU\TPU\col\13084 
801 1 |a RU  |b 63413507  |c 20141111 
801 2 |a RU  |b 63413507  |c 20170125  |g RCR 
942 |c BK